Slabbert,Denise (Record no. 103058)

MARC details
000 -LEADER
fixed length control field 00283nam a2200109Ia 4500
082 ## - DEWEY DECIMAL CLASSIFICATION NUMBER
Classification number 916,800222 SLAB
020 ## - INTERNATIONAL STANDARD BOOK NUMBER
International Standard Book Number 9781770074361"
008 - FIXED-LENGTH DATA ELEMENTS--GENERAL INFORMATION
fixed length control field 210816s9999 xx 000 0 und d
100 ## - MAIN ENTRY--PERSONAL NAME
Personal name South Africa through the seasons
9 (RLIN) 26901
245 #0 - TITLE STATEMENT
Title Slabbert,Denise
942 ## - ADDED ENTRY ELEMENTS
item type Books

No items available.